000 00354nam a2200145Ia 4500
100 _aGamma/ Erich/ Helm/ Richard
942 _cBK
654 _acomputer
245 _aDesign Patterns : Ressable Object Oriented Software
260 _bAddison Wesley Pub
_aNONE
_c1995
082 _a5.1
_bgam/hel
300 _a395
546 _aENGLISH
999 _c32161
_d32161